• 首页
  • 本馆介绍
  • 公告通知
  • 最新文献
  • 馆藏检索
  • 电子资源
  • 读者导购
  • 参考咨询
  • 我的图书馆
  • 登录
  • 详细信息显示
  • 放入我的书架
  • 预约/预借图书
  • 作者相关作品
  • 分类相关作品
  • 丛书相关作品
  • 出版社相关作品

书目信息

  • 表格格式
  • 工作单格式
  • 卡片格式
题名:
美术设计中的质感表现技法
    
 
作者: 熊田勇 , 白鸽 著
分册:  
出版信息: 北京   北京工艺美术出版社  1990.8
页数: 124页
开本: 26厘米
丛书名: 自学成画家译丛
单 册:
中图分类: J206.1
科图分类: 48.3303
主题词: 绘画理论 , 绘画理论
电子资源:
ISBN: 7-80526-037-0
000 00833nam 2200277 45
001 0191012800
005 20061119104400.23
010    @a7-80526-037-0@dCNY16.00
100    @a19910529d1990 em y0chiy0121 ea
101 0  @achi
102    @aCN@b110000
105    @af z 000yy
200 10 @a美术设计中的质感表现技法@AMEI SHU SHE JI ZHONG DE ZHI GAN BIAO XIAN JI FA@f(日)熊田勇著@F( RI ) XIONG TIAN YONG ZHU@g白 鸽译
210    @a北京@c北京工艺美术出版社@d1990.8
215    @a124页@c图@d26厘米
225 2  @a自学成画家译丛
410  0 @120010@a自学成画家译丛
540 1  @a美术 质感@AMEI SHU ZHI GAN
606    @a绘画理论
606 0  @a绘画理论
690    @aJ206.1@v3
692    @a48.3303
701  0 @a熊田勇@AXIONG TIAN YONG@4著
701  0 @a白鸽@ABAI GE@4译
801  0 @aCN@bTSSF@c20061119
905    @a10447@dJ206.1@e85
    
    美术设计中的质感表现技法/(日)熊田勇著/白 鸽译.-北京:北京工艺美术出版社,1990.8
    124页:图;26厘米.-(自学成画家译丛)
    
    
    ISBN 7-80526-037-0:CNY16.00
    
●
相关链接 在E读中查询图书 在五车中查询图书 在当当中查询图书 在豆瓣中查询图书


正题名:美术设计中的质感表现技法     索取号:J206.1/85         预约/预借

序号 登录号 条形码 馆藏地/架位号 状态 备注
1 0258413   000797490   第一样本阅览室/ [索取号:J206.1/85] 在馆    
唐山师范学院图书馆 欢迎您!
大连网信软件有限公司© 版权所有